00417nam a22001577a 450000500170000002000180001710000250003524500400006026000310010030000120013165000230014365000210016665000250018770000220021270000250023420260112144544.0 a9783034806213 aMorais, João Pedro aReal quaternionic calculus handbook aLondonbBirkhäuserc2014 axii+216 aSpecial relativity aComplex analysis aMathematical physics aGeorgiev, Svetlin aSprössig, Wolfgang